| 000 | 00608nam a2200241Ia 4500 | ||
|---|---|---|---|
| 001 | 42226 | ||
| 005 | 20240114003455.0 | ||
| 007 | ta | ||
| 008 | 080612s1963 g b000 u 346 u | ||
| 040 | _aCottonCollege,Assam | ||
| 041 | _a346 | ||
| 082 |
_a891.441 _bD 34 Ak |
||
| 100 | _aDey, Bishnu . | ||
| 245 | 0 |
_aAkaler Kabita / _cBishnu Dey. _hTheses |
|
| 250 | _aIst ed / | ||
| 260 |
_aKolkata : _bSambundhi Publications Pvt Ltd , _c1963. |
||
| 300 |
_a289p ; _c22cm. |
||
| 653 | _aBengali Poem | ||
| 653 | _aT/G-Bengali Poem | ||
| 942 |
_2ddc _cBK |
||
| 999 |
_c42192 _d42192 |
||